书目信息 |
| 题名: |
聚丁烯-1的制备和性质
|
|
| 作者: | 鲁宾 著 ;天津市合成材料工业研究所 译 | |
| 分册: | ||
| 出版信息: | 北京 燃料化学工业出版社 1974 |
|
| 页数: | 105页 | |
| 开本: | 20cm | |
| 丛书名: | ||
| 单 册: | ||
| 中图分类: | TQ325.1 | |
| 科图分类: | ||
| 主题词: | 聚合树脂 , 聚合塑料 | |
| 电子资源: | ||
| ISBN: | ||
| 000 | 00724nam0 2200205 450 | |
| 001 | 0631556898 | |
| 005 | 20060427084841.62 | |
| 010 | @dCNY0.30 | |
| 100 | @a20060427d1974 km y0chiy0120 ea | |
| 101 | 0 | @achi |
| 200 | 1 | @a聚丁烯-1的制备和性质@Aju ding xi-1 de zhi bei he xing zhi@f(美)I·D·鲁宾著@F(mei)I·D·lu bin zhu@g天津市合成材料工业研究所译@Gtian jin shi he cheng cai liao gong ye yan jiu suo yi |
| 210 | @a北京@c燃料化学工业出版社@d1974 | |
| 215 | 1 | @a105页@d20cm |
| 606 | 0 | @a聚合树脂 |
| 606 | 0 | @a聚合塑料 |
| 690 | @aTQ325.1@v4 | |
| 701 | 0 | @a鲁宾@Alu bin@4著 |
| 712 | 0 | @a天津市合成材料工业研究所@Atian jin shi he cheng cai liao gong ye yan jiu suo@4译 |
| 801 | 0 | @aCN@bPFT@c20060427 |
| 905 | @a10447@dTQ325.1@e7 | |
| 聚丁烯-1的制备和性质/(美)I·D·鲁宾著/天津市合成材料工业研究所译.-北京:燃料化学工业出版社,1974 |
| 105页;20cm |
| ISBN :CNY0.30 |
| ● |
| 相关链接 |
|
|
|
|
正题名:聚丁烯-1的制备和性质
索取号:TQ325.1/7
 
预约/预借
| 序号 | 登录号 | 条形码 | 馆藏地/架位号 | 状态 | 备注 |
| 1 | 0017259 | 202164727 | 密集书库/ [索取号:TQ325.1/7] | 在馆 |